000
00272nam a22000977a 4500
008
230627b xxu||||| |||| 00| 0 eng d
082
_a
338.9
_b
MOI
245
_a
Participation for Progress: The Sixth National Development Plan
_b
1989-1993
300
_a
VII,52p
942
_2
ddc
_c
BK
999
_c
2924
_d
2924